000 00284nam a2200121Ia 4500
008 221030s9999 xx 000 0 und d
082 _a105.23
245 0 _aJob Satisfaction of Employees in J & K Bank
260 _bJK Bank
_c2008
300 _a87
650 _aManagement
942 _cTH
999 _c9193
_d9193